[Event "OLOB 1920 SG BW Stadtilm - SV Medizin E"]
[Site "?"]
[Date "2020.01.18"]
[Round "6.2"]
[White "Siebarth, Raiko"]
[Black "Nguyen, Huy Dat"]
[Result "1-0"]
[WhiteElo "2320"]
[BlackElo "2177"]
[PlyCount "119"]
[EventDate "2020.??.??"]

1. e4 g6 2. Nc3 Bg7 3. g3 d6 4. Bg2 c6 5. Nge2 Bg4 6. h3 Bd7 7. d4 Na6 8. Be3
Qc7 9. Qd2 e5 10. f4 Ne7 11. O-O O-O 12. Kh2 Rae8 13. Rad1 exd4 14. Bxd4 Bxd4
15. Qxd4 Nc8 16. f5 b5 17. Qd2 b4 18. Nb1 Kg7 19. a3 bxa3 20. Nxa3 Nc5 21. Nc3
f6 22. Nc4 Nb7 23. fxg6 hxg6 24. Rf4 Be6 25. Qd4 Bxc4 26. Qxc4 Nc5 27. b4 Ne6
28. Rf2 Rf7 29. h4 Nb6 30. Qd3 Nc8 31. Rdf1 Nf8 32. Bh3 Nd7 33. Ne2 Ncb6 34.
Nd4 Nf8 35. h5 Nbd7 36. hxg6 Nxg6 37. Nf5+ Kf8 38. Qxd6+ Qxd6 39. Nxd6 Nge5 40.
Kg2 Ree7 41. Nxf7 Rxf7 42. Bxd7 Nxd7 43. e5 Nxe5 44. Rxf6 Rxf6 45. Rxf6+ Ke7
46. Rf1 Kd6 47. Ra1 Nc4 48. Kf2 Nb6 49. Rxa7 Nd5 50. Rb7 Nc3 51. Ke3 Ke5 52.
Kd3 Nd5 53. c4 Nf6 54. Rg7 Kf5 55. Rf7 Ke5 56. Rxf6 Kxf6 57. b5 cxb5 58. cxb5
Kg5 59. b6 Kg4 60. b7 1-0

[Event "OLOB 1920 SG BW Stadtilm - SV Medizin E"]
[Site "?"]
[Date "2020.01.18"]
[Round "6.4"]
[White "Schneider, Christian"]
[Black "Grund, Sebastian"]
[Result "1-0"]
[WhiteElo "2210"]
[BlackElo "1988"]
[PlyCount "53"]
[EventDate "2020.??.??"]

1. c4 Nf6 2. g3 g6 3. Bg2 Bg7 4. Nc3 O-O 5. e3 c5 6. Nge2 Nc6 7. O-O d6 8. a3
Be6 9. d3 Qc8 10. Nf4 Bf5 11. Rb1 g5 12. Nfd5 Nxd5 13. cxd5 Ne5 14. e4 Bg4 15.
f3 Bh3 16. Bxg5 Bxg2 17. Kxg2 Ng6 18. Qd2 e5 19. dxe6 fxe6 20. Bh6 Qd7 21. Rbd1
Rf7 22. Bxg7 Rxg7 23. d4 c4 24. Kh1 Kh8 25. f4 Rf8 26. Qe2 b5 27. Qh5 1-0

[Event "OLOB 1920 SG BW Stadtilm - SV Medizin E"]
[Site "?"]
[Date "2020.01.18"]
[Round "6.5"]
[White "Mueller-Ludwig, Kristin"]
[Black "Siebarth, Marco"]
[Result "1/2-1/2"]
[WhiteElo "2103"]
[BlackElo "2011"]
[PlyCount "42"]
[EventDate "2020.??.??"]

1. e4 c5 2. Nf3 d6 3. d4 cxd4 4. Nxd4 Nf6 5. Nc3 a6 6. Be3 e5 7. Nb3 Be7 8. h3
Qc7 9. g4 h6 10. Bg2 b5 11. a4 b4 12. Nd5 Nxd5 13. Qxd5 Nc6 14. a5 Be6 15. Qd3
Bxb3 16. Qxb3 Nxa5 17. Qxb4 Nc4 18. Qa4+ Kf8 19. Bc1 Bg5 20. O-O Bxc1 21. Rfxc1
Nxb2 1/2-1/2

[Event "OLOB 1920 SG BW Stadtilm - SV Medizin E"]
[Site "?"]
[Date "2020.01.18"]
[Round "6.6"]
[White "Mehlhorn, Uwe"]
[Black "Kirschbaum, Gunnar"]
[Result "1/2-1/2"]
[WhiteElo "2071"]
[BlackElo "2071"]
[PlyCount "35"]
[EventDate "2020.??.??"]

1. Nf3 g6 2. d4 Bg7 3. Nbd2 d6 4. e4 e6 5. Bd3 Ne7 6. O-O O-O 7. Re1 a6 8. a4
b6 9. Nf1 h6 10. Ng3 Bb7 11. Rb1 Nd7 12. c3 c5 13. b3 Rc8 14. Ba3 Nb8 15. Rc1
Qd7 16. dxc5 dxc5 17. Qc2 Rfd8 18. Be2 1/2-1/2

[Event "OLOB 1920 SG BW Stadtilm - SV Medizin E"]
[Site "?"]
[Date "2020.01.18"]
[Round "6.7"]
[White "Reichel, Norbert"]
[Black "Neubauer, Andreas"]
[Result "1/2-1/2"]
[WhiteElo "2081"]
[BlackElo "2143"]
[PlyCount "57"]
[EventDate "2020.??.??"]

1. c4 e5 2. Nc3 Nf6 3. g3 Nc6 4. Bg2 Be7 5. Nf3 d5 6. cxd5 Nxd5 7. O-O Nb6 8.
a4 a5 9. Nb5 O-O 10. d4 exd4 11. Nfxd4 Nb4 12. Nc3 c6 13. e3 Bd7 14. b3 Qc8 15.
Bb2 Rd8 16. Qb1 Be6 17. Ba3 Bf6 18. Rd1 Bg4 19. f3 Bh5 20. Ne4 Bxd4 21. exd4
Qe6 22. Bc1 Bg6 23. Qb2 f6 24. Bd2 N6d5 25. Nc5 Qf7 26. Bh3 Re8 27. Re1 f5 28.
Bxb4 Nxb4 29. Bf1 1/2-1/2

[Event "OLOB 1920 SG BW Stadtilm - SV Medizin E"]
[Site "?"]
[Date "2020.01.18"]
[Round "6.8"]
[White "Dittrich, Tom"]
[Black "Nguyen, Ha Thanh"]
[Result "1/2-1/2"]
[WhiteElo "1913"]
[BlackElo "1980"]
[PlyCount "88"]
[EventDate "2020.??.??"]

1. e4 c5 2. Nf3 Nc6 3. d4 cxd4 4. Nxd4 g6 5. c4 Bg7 6. Be3 Nf6 7. Nc3 O-O 8.
Be2 d6 9. f3 Bd7 10. O-O Nxd4 11. Bxd4 a5 12. a3 a4 13. c5 e5 14. Be3 dxc5 15.
Bxc5 Re8 16. Qe1 Bc6 17. Rd1 Qc8 18. Qf2 Bf8 19. Be3 Qe6 20. Rc1 Rac8 21. Nb5
Nd7 22. Na7 Rb8 23. Rc2 Qf6 24. Rd1 Re6 25. Rcd2 Rd6 26. Rxd6 Bxd6 27. Bb5 Kg7
28. Nxc6 bxc6 29. Bxc6 Nf8 30. Bxa4 Qe7 31. Qd2 Rd8 32. Bb3 Rd7 33. Bd5 Bc5 34.
Bxc5 Qxc5+ 35. Qf2 Qb5 36. Qc2 Qb6+ 37. Kh1 Rc7 38. Qe2 Nd7 39. b4 Nf6 40. Qb2
Qe3 41. h3 Rc3 42. Qd2 Qxd2 43. Rxd2 Rxa3 44. b5 Ra1+ 1/2-1/2

[Event "OLOB 1920 SV Empor Erfurt - SV 1861 Lie"]
[Site "?"]
[Date "2020.01.18"]
[Round "6.1"]
[White "Gerhardt, Frank"]
[Black "Teske, Henrik"]
[Result "1/2-1/2"]
[WhiteElo "2197"]
[BlackElo "2474"]
[PlyCount "46"]
[EventDate "2020.??.??"]

1. e4 c5 2. Nf3 Nc6 3. d4 cxd4 4. Nxd4 e6 5. Nc3 Qc7 6. Be3 a6 7. Be2 Nf6 8.
O-O Bb4 9. Na4 O-O 10. Nxc6 bxc6 11. Nb6 Rb8 12. Nxc8 Rfxc8 13. Bxa6 Re8 14.
Bd3 Bd6 15. f4 e5 16. f5 Rxb2 17. g4 h6 18. h4 Nd5 19. exd5 e4 20. Be2 Bc5 21.
Bxc5 Qg3+ 22. Kh1 Qh3+ 23. Kg1 Qg3+ 1/2-1/2

[Event "OLOB 1920 SV Empor Erfurt - SV 1861 Lie"]
[Site "?"]
[Date "2020.01.18"]
[Round "6.2"]
[White "Langheinrich, Ferenc"]
[Black "Hermannsdoerfer, Frank"]
[Result "0-1"]
[WhiteElo "2376"]
[BlackElo "2145"]
[PlyCount "82"]
[EventDate "2020.??.??"]

1. e4 d6 2. d4 Nf6 3. Nc3 e5 4. Nf3 Nbd7 5. g4 d5 6. dxe5 Nxe4 7. Nxd5 Nb6 8.
Ne3 Qxd1+ 9. Nxd1 Bxg4 10. Bg2 O-O-O 11. O-O Bc5 12. Ng5 Nxg5 13. Bxg5 Rde8 14.
Ne3 Be6 15. Rfe1 Bd4 16. a4 a5 17. Nd1 Bd5 18. Bd2 Bxg2 19. Kxg2 Nc4 20. Re4 c5
21. Bf4 f5 22. c3 fxe4 23. cxd4 g5 24. Bg3 Rd8 25. Rc1 Rxd4 26. e6 b6 27. Nc3
Nxb2 28. Nb5 Rd2 29. Re1 Kd8 30. Be5 Rf8 31. Rxe4 Rfxf2+ 32. Kg1 Ke7 33. Bd6+
Rxd6 34. Nxd6 Rf8 35. Nf7 c4 36. Ne5 c3 37. Nc6+ Kd6 38. Nd4 Kd5 39. e7 Re8 40.
Nb5 Kxe4 41. Nd6+ Kf3 0-1

[Event "OLOB 1920 SV Empor Erfurt - SV 1861 Lie"]
[Site "?"]
[Date "2020.01.18"]
[Round "6.3"]
[White "Franke, Luca"]
[Black "Jacobi, Robin"]
[Result "1-0"]
[WhiteElo "1894"]
[BlackElo "2266"]
[PlyCount "123"]
[EventDate "2020.??.??"]

1. d4 Nf6 2. c4 e6 3. g3 c5 4. d5 exd5 5. cxd5 d6 6. Nc3 g6 7. Bg2 Bg7 8. Nf3
O-O 9. O-O Re8 10. Nd2 a6 11. a4 Nbd7 12. h3 Rb8 13. Nc4 Nb6 14. Na3 Bf5 15. g4
Bd7 16. Bf4 h5 17. Bxd6 Bxa4 18. Nxa4 Qxd6 19. Nxb6 Qxb6 20. Nc4 Qd8 21. gxh5
Nxh5 22. e3 b5 23. Na5 Qd6 24. Nc6 Ra8 25. Qc2 Nf6 26. Rad1 Nd7 27. Na5 Rac8
28. Nc6 Ne5 29. b3 c4 30. bxc4 Nxc4 31. Qa2 Nb2 32. Rc1 Na4 33. Qb3 Bh6 34.
Rfd1 Bf8 35. e4 Nc5 36. Qc2 b4 37. e5 Rxe5 38. Qxc5 Qxc5 39. Rxc5 Bxc5 40. Nxe5
Bd6 41. Nc6 Ra8 42. Ra1 Kg7 43. Bf1 b3 44. Bd3 Rh8 45. Rb1 Rxh3 46. Rxb3 Rh5
47. Bc4 Rf5 48. Kg2 Bc5 49. Rf3 Rg5+ 50. Kf1 Rh5 51. Nd8 a5 52. Rxf7+ Kh6 53.
Ne6 Bb4 54. Nf4 Rh1+ 55. Kg2 Rc1 56. Bd3 a4 57. Nxg6 a3 58. Nf4 a2 59. Nh3 Rg1+
60. Kf3 Rg7 61. Rf6+ Kh5 62. Ra6 1-0

[Event "OLOB 1920 SV Empor Erfurt - SV 1861 Lie"]
[Site "?"]
[Date "2020.01.18"]
[Round "6.5"]
[White "Ahmed, Daniel"]
[Black "Reucker, Friedrich"]
[Result "0-1"]
[WhiteElo "1943"]
[BlackElo "1971"]
[PlyCount "76"]
[EventDate "2020.??.??"]

1. d4 Nf6 2. c4 e6 3. Nf3 d5 4. cxd5 exd5 5. a3 Nbd7 6. Nc3 Be7 7. Bf4 c6 8. e3
O-O 9. Bd3 h6 10. h3 a6 11. O-O c5 12. dxc5 Nxc5 13. Bc2 b5 14. b4 Ne6 15. Be5
Bb7 16. Qd3 Ne4 17. Rad1 Rc8 18. Bb3 Nxc3 19. Bxc3 Bf6 20. Nd4 Ng5 21. Bb2 Ne4
22. f3 Nd6 23. Bc2 g6 24. Ne6 Qe7 25. Bxf6 Qxe6 26. Ba1 Nf5 27. Rfe1 Rfd8 28.
Bb3 Qe7 29. Qd2 Kh7 30. Qb2 Qf8 31. e4 dxe4 32. Rxd8 Rxd8 33. fxe4 Ng3 34. Qf6
Nxe4 35. Rxe4 Bxe4 36. Be5 Bd5 37. Bc2 Bc4 38. h4 h5 0-1

[Event "OLOB 1920 SV Empor Erfurt - SV 1861 Lie"]
[Site "?"]
[Date "2020.01.18"]
[Round "6.6"]
[White "Heinke, Jasper"]
[Black "Zeidler, Andreas"]
[Result "0-1"]
[WhiteElo "2060"]
[BlackElo "2155"]
[PlyCount "158"]
[EventDate "2020.??.??"]

1. e4 d6 2. d4 g6 3. c4 Bg7 4. Be2 Nc6 5. Be3 e5 6. d5 Nce7 7. Nc3 f5 8. f3 Nf6
9. Bd3 O-O 10. Nge2 f4 11. Bf2 g5 12. c5 Ng6 13. a4 Rf7 14. cxd6 cxd6 15. a5 a6
16. b4 Bf8 17. Na4 g4 18. Nb6 Rb8 19. Rc1 gxf3 20. gxf3 Bh3 21. Rg1 Rg7 22. Nc3
Ne8 23. Bf1 Bxf1 24. Kxf1 Be7 25. Rg2 Bh4 26. Bg1 Bf6 27. Ke2 Qe7 28. Qf1 Nc7
29. Kd1 Kh8 30. Rg4 Rbg8 31. Qh3 Nh4 32. Rxg7 Qxg7 33. Ne2 Nb5 34. Rc8 Rxc8 35.
Qxc8+ Qg8 36. Qxb7 Nxf3 37. Qxa6 Nc3+ 38. Kc2 Nxe2 39. Qxe2 Nxg1 40. Qf2 Qg6
41. Kd3 Nh3 42. Qc2 Ng5 43. Kc4 Bd8 44. Kb5 f3 45. a6 Qf7 46. Qc8 Qe8+ 47. Qc6
Qxc6+ 48. Kxc6 f2 49. a7 f1=Q 50. a8=Q Qc1+ 51. Kb5 Qc7 52. Qc6 Nxe4 53. Nc4
Kg7 54. Qxc7+ Bxc7 55. Kc6 Bd8 56. b5 Kf7 57. b6 Bxb6 58. Nxb6 Ke7 59. Nc8+ Kd8
60. Nb6 h6 61. Nc4 Ke7 62. Ne3 Kf6 63. Kd7 Kg5 64. Ke6 Kf4 65. Nc4 h5 66. Nxd6
Nxd6 67. Kxd6 e4 68. Kc7 e3 69. d6 e2 70. d7 e1=Q 71. d8=Q Qa5+ 72. Kd7 Qxd8+
73. Kxd8 h4 74. Ke7 h3 75. Kf6 Kf3 76. Kg5 Kg2 77. Kf4 Kxh2 78. Kf3 Kg1 79. Kg3
h2 0-1

[Event "OLOB 1920 SV Empor Erfurt - SV 1861 Lie"]
[Site "?"]
[Date "2020.01.18"]
[Round "6.8"]
[White "Reuter, Elisa"]
[Black "Biel, Maik"]
[Result "1-0"]
[WhiteElo "1864"]
[BlackElo "2106"]
[PlyCount "53"]
[EventDate "2020.??.??"]

1. e4 c5 2. Nf3 e6 3. d4 cxd4 4. Nxd4 Nf6 5. Nc3 d6 6. Be2 a6 7. a4 Qc7 8. O-O
b6 9. f4 Bb7 10. Bf3 Nc6 11. Nb3 Be7 12. Be3 O-O 13. Qe1 Nb4 14. Qf2 Nd7 15.
Rad1 Rac8 16. Rd2 Bf6 17. Bd4 e5 18. fxe5 Nxe5 19. Bxe5 Bxe5 20. Nd4 d5 21. g3
dxe4 22. Bxe4 Bxe4 23. Nxe4 Bxd4 24. Rxd4 Nxc2 25. Nf6+ Kh8 26. Qf5 g6 27. Rh4
1-0

[Event "OLOB 1920 SF Schöneck - SV Griesheim"]
[Site "?"]
[Date "2020.01.18"]
[Round "6.1"]
[White "Jarmula, Lukasz"]
[Black "Konopka, Michal"]
[Result "1/2-1/2"]
[WhiteElo "2463"]
[BlackElo "2347"]
[PlyCount "83"]
[EventDate "2020.??.??"]

1. e4 Nf6 2. e5 Nd5 3. d4 d6 4. c4 Nb6 5. f4 dxe5 6. fxe5 Nc6 7. Be3 Bf5 8. Nc3
e6 9. Nf3 Bg4 10. Be2 Bxf3 11. gxf3 Qh4+ 12. Bf2 Qh3 13. c5 Nd5 14. Nxd5 exd5
15. Qb3 O-O-O 16. O-O-O f6 17. f4 Qxb3 18. axb3 fxe5 19. fxe5 Be7 20. Rdg1 g5
21. h4 h6 22. h5 b6 23. cxb6 axb6 24. Be3 Rhf8 25. Rf1 Rxf1+ 26. Rxf1 Rf8 27.
Rxf8+ Bxf8 28. Bf3 Nb4 29. Bd2 c6 30. Bg4+ Kd8 31. Be2 Be7 32. Be3 c5 33. Kd2
Nc6 34. Bb5 Kc7 35. Bf2 Nxd4 36. Bxd4 cxd4 37. Be2 Bc5 38. Kd3 Kd7 39. Bg4+ Kc7
40. Be2 Kd7 41. Bg4+ Kc7 42. Be2 1/2-1/2

[Event "OLOB 1920 SF Schöneck - SV Griesheim"]
[Site "?"]
[Date "2020.01.18"]
[Round "6.3"]
[White "Braun, Vitali"]
[Black "Heinatz, Thomas"]
[Result "0-1"]
[WhiteElo "2361"]
[BlackElo "2298"]
[PlyCount "90"]
[EventDate "2020.??.??"]

1. d4 Nf6 2. c4 g6 3. Nc3 Bg7 4. e4 d6 5. h3 O-O 6. Bg5 Na6 7. Bd3 e5 8. d5 Qe8
9. g4 Nd7 10. a3 f5 11. b4 Nf6 12. f3 c6 13. Nge2 Nc7 14. Qd2 a5 15. bxa5 Na6
16. Bc2 fxe4 17. fxe4 cxd5 18. exd5 Nc5 19. Ng3 e4 20. O-O h5 21. Rae1 hxg4 22.
Bxf6 Rxf6 23. Rxf6 Bxf6 24. Ncxe4 Nxe4 25. Nxe4 Qe5 26. Nxf6+ Qxf6 27. Rf1 Qe5
28. Qf2 Bf5 29. Bxf5 gxf5 30. hxg4 Rf8 31. gxf5 Kf7 32. Re1 Rg8+ 33. Kf1 Qc3
34. Re3 Qxc4+ 35. Qe2 Qc1+ 36. Qe1 Qc4+ 37. Qe2 Qf4+ 38. Qf2 Qg4 39. Ke1 Rc8
40. Qe2 Qg1+ 41. Kd2 Qc1+ 42. Kd3 Qc4+ 43. Kd2 Qa2+ 44. Ke1 Rc1+ 45. Kf2 Rc2
0-1

[Event "OLOB 1920 SF Schöneck - SV Griesheim"]
[Site "?"]
[Date "2020.01.18"]
[Round "6.4"]
[White "Nazarenus, Moritz"]
[Black "De Visser, Leon"]
[Result "0-1"]
[WhiteElo "2227"]
[BlackElo "2217"]
[PlyCount "40"]
[EventDate "2020.??.??"]

1. d4 Nf6 2. c4 c5 3. d5 b5 4. cxb5 a6 5. bxa6 g6 6. Nc3 Bg7 7. e4 O-O 8. Nf3
Qa5 9. a7 Nxe4 10. axb8=Q Rxb8 11. Bd2 Nxd2 12. Nxd2 Rxb2 13. Na4 Rb4 14. Rc1
Rxa4 15. Bc4 Bh6 16. Qe2 Ba6 17. Bxa6 Bxd2+ 18. Qxd2 Qxa6 19. Qe2 Qa5+ 20. Kf1
Rxa2 0-1

[Event "OLOB 1920 SF Schöneck - SV Griesheim"]
[Site "?"]
[Date "2020.01.18"]
[Round "6.5"]
[White "Koehler, Ronald"]
[Black "Meyer, Kai-Christian"]
[Result "1/2-1/2"]
[WhiteElo "2213"]
[BlackElo "2230"]
[PlyCount "91"]
[EventDate "2020.??.??"]

1. d4 Nf6 2. c4 c6 3. Nf3 d5 4. Nc3 a6 5. a4 e6 6. Bg5 Be7 7. e3 O-O 8. Be2 a5
9. O-O b6 10. Ne5 Bb7 11. Qb3 Nfd7 12. Bxe7 Qxe7 13. Nxd7 Nxd7 14. cxd5 exd5
15. Rfe1 f5 16. Bd3 Kh8 17. Qc2 Qg5 18. Ne2 Rae8 19. Ng3 g6 20. Ne2 Qh4 21. h3
Rf7 22. b4 axb4 23. a5 c5 24. dxc5 bxc5 25. Bb5 Rc8 26. a6 Ba8 27. a7 Qf6 28.
Ra6 Qe5 29. Rc1 Nf6 30. Nf4 Ne4 31. Rxg6 Rxa7 32. Re6 Qg7 33. f3 Nc3 34. Qxf5
Rf8 35. Re8 Raf7 36. Qc8 Nxb5 37. Ne6 Nd6 38. Rxf8+ Qxf8 39. Qxf8+ Rxf8 40.
Nxf8 c4 41. Ne6 Nb5 42. Nc5 Na3 43. Ra1 d4 44. exd4 Bd5 45. Na4 Bc6 46. Nc5
1/2-1/2

[Event "OLOB 1920 SF Schöneck - SV Griesheim"]
[Site "?"]
[Date "2020.01.18"]
[Round "6.6"]
[White "Kirchner, Markus"]
[Black "Flach, Erich"]
[Result "1/2-1/2"]
[WhiteElo "2021"]
[BlackElo "2069"]
[PlyCount "48"]
[EventDate "2020.??.??"]

1. e4 c5 2. Nf3 d6 3. d4 cxd4 4. Nxd4 Nf6 5. f3 e5 6. Nb3 d5 7. Bg5 d4 8. c3
Nc6 9. Bb5 h6 10. Bxf6 Qxf6 11. cxd4 Bb4+ 12. Nc3 O-O 13. Bxc6 bxc6 14. dxe5
Qxe5 15. Qd4 Qe7 16. O-O-O Be6 17. f4 Rfd8 18. Qe3 Bxb3 19. axb3 Bxc3 20. Qxc3
Qxe4 21. g3 Rd5 22. Rhe1 Qg2 23. Rd2 Qh3 24. Qxc6 Rdd8 1/2-1/2

[Event "OLOB 1920 SF Schöneck - SV Griesheim"]
[Site "?"]
[Date "2020.01.18"]
[Round "6.7"]
[White "Spitzl, Vinzent"]
[Black "Mueller, Achim"]
[Result "1-0"]
[WhiteElo "2343"]
[BlackElo "2105"]
[PlyCount "87"]
[EventDate "2020.??.??"]

1. Nf3 Nf6 2. g3 g6 3. b3 Bg7 4. Bb2 c5 5. c4 O-O 6. Bg2 Nc6 7. O-O d6 8. d4
cxd4 9. Nxd4 Bd7 10. Nc3 Rc8 11. e4 Qb6 12. Nc2 Ne5 13. Ne3 e6 14. Qe2 Rfd8 15.
h3 Bc6 16. Rad1 Nh5 17. Kh2 Qc7 18. Rd2 Bf8 19. Rc1 Qe7 20. f4 Nd7 21. Qd1 Qe8
22. Qf1 Be7 23. Rcd1 Qf8 24. Nc2 b6 25. Nd4 e5 26. Nxc6 Rxc6 27. f5 Bg5 28. Rd3
Ndf6 29. Ba3 Qh6 30. Qe2 Nxg3 31. Kxg3 Nh5+ 32. Kh2 Nf4 33. Qf3 Nxd3 34. Rxd3
Bf4+ 35. Kg1 Qh4 36. Nd5 Bh6 37. f6 Bf8 38. Qd1 Rd7 39. Bb4 Qg5 40. Bd2 Qh4 41.
Be1 Qh6 42. h4 Kh8 43. Bd2 Qxh4 44. Rh3 1-0

[Event "OLOB 1920 SF Schöneck - SV Griesheim"]
[Site "?"]
[Date "2020.01.18"]
[Round "6.8"]
[White "Drebes, Guenter"]
[Black "Diaz, Joaquin"]
[Result "1/2-1/2"]
[WhiteElo "1998"]
[BlackElo "2154"]
[PlyCount "35"]
[EventDate "2020.??.??"]

1. d4 d5 2. Nf3 Nf6 3. g3 c6 4. Bg2 Bg4 5. O-O Nbd7 6. Nbd2 e6 7. b3 Be7 8. Bb2
O-O 9. c4 b6 10. Rc1 Rc8 11. h3 Bh5 12. g4 Bg6 13. Nh4 c5 14. Nxg6 hxg6 15. e3
cxd4 16. exd4 dxc4 17. bxc4 Qc7 18. Qe2 1/2-1/2

[Event "OLOB 1920 SV Oberursel - Wiesbadener SV"]
[Site "?"]
[Date "2020.01.18"]
[Round "6.1"]
[White "Baskin, Robert"]
[Black "Margolin, Boris"]
[Result "0-1"]
[WhiteElo "2406"]
[BlackElo "2396"]
[PlyCount "58"]
[EventDate "2020.??.??"]

1. e4 c5 2. Nf3 Nf6 3. Nc3 d5 4. Bb5+ Bd7 5. e5 Bxb5 6. Nxb5 a6 7. Nc3 Ng8 8.
e6 fxe6 9. O-O Nc6 10. Re1 Qd7 11. Na4 Qd6 12. Ng5 e5 13. c4 e6 14. f4 Rd8 15.
fxe5 Qe7 16. cxd5 Rxd5 17. Nf3 Qd8 18. d3 Rxd3 19. Qe2 c4 20. Bg5 Be7 21. Bxe7
Ngxe7 22. Nc5 Nd4 23. Qf2 Nxf3+ 24. gxf3 Rd2 25. Nxb7 Rxf2 26. Nxd8 Rxb2 27.
Nxe6 Nf5 28. Rac1 Ke7 29. Nc7 Nd4 0-1

[Event "OLOB 1920 SV Oberursel - Wiesbadener SV"]
[Site "?"]
[Date "2020.01.18"]
[Round "6.2"]
[White "Michaelsen, Nils"]
[Black "Chojnacki, Krzysztof"]
[Result "0-1"]
[WhiteElo "2405"]
[BlackElo "2380"]
[PlyCount "78"]
[EventDate "2020.??.??"]

1. d4 d5 2. Bf4 Nf6 3. e3 e6 4. Nf3 Be7 5. Nbd2 O-O 6. Bd3 c5 7. c3 b6 8. Ne5
Ba6 9. Bxa6 Nxa6 10. O-O Nb8 11. Qe2 Qc8 12. Bg5 Re8 13. f4 Nc6 14. Bxf6 Bxf6
15. Rf3 g6 16. Rh3 Bg7 17. Qf2 Ne7 18. g4 f6 19. Nef3 e5 20. Qh4 e4 21. Ne1 h6
22. Ng2 Rb8 23. Rf1 f5 24. Rg3 fxg4 25. Qxg4 Qxg4 26. Rxg4 h5 27. Rg3 Kh7 28.
Rh3 Bf6 29. Nb3 c4 30. Nc1 b5 31. a3 a5 32. Ne2 Kg7 33. Ng3 h4 34. f5 hxg3 35.
Rxg3 g5 36. h4 g4 37. Rxg4+ Kf7 38. Nf4 Rg8 39. Ng6 Nxg6 0-1

[Event "OLOB 1920 SV Oberursel - Wiesbadener SV"]
[Site "?"]
[Date "2020.01.18"]
[Round "6.3"]
[White "Geske, Julian"]
[Black "Heinz, Axel"]
[Result "1/2-1/2"]
[WhiteElo "2376"]
[BlackElo "2441"]
[PlyCount "76"]
[EventDate "2020.??.??"]

1. e4 e5 2. Nf3 Nc6 3. Nc3 Nf6 4. d4 exd4 5. Nxd4 Bb4 6. Nxc6 bxc6 7. Bd3 d5 8.
exd5 cxd5 9. O-O O-O 10. h3 c6 11. Qf3 Re8 12. Bf4 Bd6 13. Rfe1 Bxf4 14. Qxf4
Bd7 15. Rxe8+ Qxe8 16. Kf1 Qb8 17. Qxb8+ Rxb8 18. b3 Kf8 19. Re1 Re8 20. Rxe8+
Kxe8 21. Ke2 c5 22. Kf3 Ke7 23. Kf4 Kd6 24. h4 h6 25. g3 Nh5+ 26. Kf3 Nf6 27.
Kf4 Nh5+ 28. Kf3 Ke5 29. Ke2 g5 30. hxg5 hxg5 31. Kd2 Nf6 32. f3 Bc6 33. Ne2
Nh5 34. Ke3 d4+ 35. Kf2 f5 36. Bxf5 Kxf5 37. g4+ Kg6 38. gxh5+ Kxh5 1/2-1/2

[Event "OLOB 1920 SV Oberursel - Wiesbadener SV"]
[Site "?"]
[Date "2020.01.18"]
[Round "6.6"]
[White "Stork, Oliver"]
[Black "Minor, Samuel"]
[Result "1-0"]
[WhiteElo "2267"]
[BlackElo "2254"]
[PlyCount "83"]
[EventDate "2020.??.??"]

1. c4 f5 2. Nc3 Nf6 3. Nf3 d6 4. g3 g6 5. Bg2 Bg7 6. O-O O-O 7. d3 Nc6 8. e4 e5
9. exf5 Bxf5 10. d4 Bg4 11. h3 Bxf3 12. Bxf3 exd4 13. Nb5 Qd7 14. Bg2 Nh5 15.
Qg4 Qd8 16. Bg5 Bf6 17. Bxf6 Nxf6 18. Qh4 Ne8 19. Qe4 Nf6 20. Qd3 Qd7 21. Nxd4
Ne5 22. Qc3 Rab8 23. Rfe1 Rfe8 24. Nc2 Qg7 25. c5 Nf7 26. Qa5 dxc5 27. Qxa7 Nd6
28. Qxc5 b6 29. Qc3 Kh8 30. Bc6 Rf8 31. Nd4 Ng8 32. Rac1 Rbc8 33. a4 Qf6 34.
Ne6 Qxc3 35. Rxc3 Rf7 36. b4 Ne7 37. Bg2 c6 38. Ng5 Rg7 39. Rd1 Ndf5 40. Rd7
Ra8 41. Ne6 Rf7 42. Bxc6 1-0

[Event "OLOB 1920 SV Oberursel - Wiesbadener SV"]
[Site "?"]
[Date "2020.01.18"]
[Round "6.7"]
[White "Ochs, Daniel Elias"]
[Black "Schlamp, Robert"]
[Result "1/2-1/2"]
[WhiteElo "2068"]
[BlackElo "2302"]
[PlyCount "65"]
[EventDate "2020.??.??"]

1. d4 Nf6 2. Nf3 g6 3. g3 Bg7 4. Bg2 O-O 5. O-O d6 6. c4 Nc6 7. Nc3 a6 8. e4
Bg4 9. Be3 Re8 10. h3 Bxf3 11. Bxf3 e5 12. d5 Nd4 13. Bg2 c5 14. dxc6 bxc6 15.
Bxd4 exd4 16. Qxd4 Nxe4 17. Qd3 Nc5 18. Qc2 Qb6 19. Rad1 Rad8 20. Na4 Nxa4 21.
Qxa4 Re2 22. Qxc6 Qxc6 23. Bxc6 Rxb2 24. a4 Rc8 25. Bd5 Rb4 26. a5 Kf8 27. Kg2
Rb2 28. Rd3 Rc7 29. Rfd1 Be5 30. R3d2 Rxd2 31. Rxd2 Bc3 32. Ra2 Rc5 33. Ra4
1/2-1/2

[Event "OLOB 1920 SV Oberursel - Wiesbadener SV"]
[Site "?"]
[Date "2020.01.18"]
[Round "6.8"]
[White "Weber, Samuel"]
[Black "Bakiev, Diyor"]
[Result "1/2-1/2"]
[WhiteElo "2230"]
[BlackElo "2125"]
[PlyCount "62"]
[EventDate "2020.??.??"]

1. c4 e5 2. g3 Nf6 3. Bg2 d5 4. cxd5 Nxd5 5. Nc3 Nb6 6. Nf3 Nc6 7. O-O Be7 8.
d3 O-O 9. a3 Be6 10. b4 a5 11. b5 Nd4 12. Nd2 c6 13. bxc6 Nxc6 14. Na4 Nxa4 15.
Qxa4 b5 16. Qd1 Bd5 17. Bb2 Bxg2 18. Kxg2 a4 19. Rc1 Rc8 20. Ne4 Nd4 21. e3
Rxc1 22. Qxc1 Nb3 23. Qc3 Qd5 24. g4 Nc5 25. f3 Nxd3 26. Rd1 Nf4+ 27. exf4 Qxd1
28. Qxe5 Qe2+ 29. Kg1 Qe1+ 30. Kg2 Qe2+ 31. Kg1 Qe1+ 1/2-1/2

[Event "OLOB 1920 SK 1980 Gernsheim - Bad Emsta"]
[Site "?"]
[Date "2020.01.18"]
[Round "6.1"]
[White "Sivuk, Vitaly"]
[Black "Mazurek, Robert"]
[Result "1-0"]
[WhiteElo "2579"]
[BlackElo "2181"]
[PlyCount "93"]
[EventDate "2020.??.??"]

1. d4 d5 2. c4 c6 3. Nf3 Nf6 4. Nc3 dxc4 5. e4 b5 6. Be2 b4 7. Na4 Nxe4 8. Bxc4
e6 9. O-O Be7 10. Qc2 Nd6 11. Bb3 Nd7 12. Rd1 O-O 13. Ne5 Qe8 14. Qxc6 Rb8 15.
Bf4 Nxe5 16. Qxe8 Rxe8 17. Bxe5 Bb7 18. Nc5 Bd5 19. Bxd5 exd5 20. Na6 Rb7 21.
Rac1 Nc4 22. b3 Nxe5 23. dxe5 Rd8 24. Kf1 d4 25. Rd3 Rb5 26. Rc4 Ra5 27. Nxb4
Bxb4 28. Rxb4 Rxa2 29. Rbxd4 Ra1+ 30. Ke2 Re8 31. f4 Kf8 32. Kf3 h5 33. Rc3 Rb1
34. Rd7 Rb8 35. Rcc7 R1xb3+ 36. Ke4 Kg8 37. Rxf7 R3b4+ 38. Kf5 Rf8 39. Rxf8+
Kxf8 40. Rxa7 Rb2 41. g3 Rxh2 42. Ke6 Kg8 43. Ra8+ Kh7 44. Kf7 h4 45. Rg8 h3
46. Rxg7+ Kh8 47. Rg4 1-0

[Event "OLOB 1920 SK 1980 Gernsheim - Bad Emsta"]
[Site "?"]
[Date "2020.01.18"]
[Round "6.2"]
[White "Dietz, Holger"]
[Black "Matviishen, Viktor"]
[Result "0-1"]
[WhiteElo "2294"]
[BlackElo "2497"]
[PlyCount "76"]
[EventDate "2020.??.??"]

1. e4 e5 2. Nf3 Nc6 3. Bc4 Bc5 4. b4 Bxb4 5. c3 Bd6 6. O-O Nf6 7. d4 O-O 8.
Nbd2 b6 9. Bd5 exd4 10. Bxc6 dxc6 11. e5 dxc3 12. Nc4 Ba6 13. Qb3 Bc5 14. exf6
Qd5 15. Nfe5 gxf6 16. Rd1 Qe6 17. Qxc3 fxe5 18. Nxe5 f6 19. Nd7 Rad8 20. Qg3+
Kh8 21. Qxc7 Bc8 22. Bh6 Rxd7 23. Rxd7 Qxd7 24. Qxd7 Bxd7 25. Bxf8 Bxf8 26. Rd1
Be6 27. Rd8 Kg7 28. a4 a5 29. Rb8 Bc5 30. Rb7+ Kg6 31. Rc7 Bb3 32. g4 Bxa4 33.
Kg2 Bb3 34. f4 a4 35. Kg3 a3 36. h4 a2 37. h5+ Kh6 38. Kh4 Bf2+ 0-1

[Event "OLOB 1920 SK 1980 Gernsheim - Bad Emsta"]
[Site "?"]
[Date "2020.01.18"]
[Round "6.3"]
[White "Frolov, Artur"]
[Black "Hebbering, Tom Elliot"]
[Result "1/2-1/2"]
[WhiteElo "2422"]
[BlackElo "2232"]
[PlyCount "104"]
[EventDate "2020.??.??"]

1. e4 c5 2. Nf3 e6 3. d4 cxd4 4. Nxd4 Nc6 5. Nc3 Qc7 6. Be3 a6 7. Qd2 Nf6 8. f3
h5 9. O-O-O Be7 10. Kb1 d6 11. g3 Bd7 12. h3 Nxd4 13. Bxd4 b5 14. Bxf6 Bxf6 15.
Ne2 Rc8 16. c3 Ke7 17. Bg2 a5 18. f4 Rb8 19. Rc1 Qb6 20. Rhd1 Rhd8 21. g4 hxg4
22. hxg4 g6 23. g5 Bg7 24. f5 exf5 25. Nf4 Kf8 26. Nd5 Qc5 27. Rf1 Be6 28. exf5
Bxf5+ 29. Rxf5 gxf5 30. Qf4 b4 31. cxb4 Qd4 32. Qxd4 Bxd4 33. Rc4 Be5 34. a4
axb4 35. Rxb4 Rxb4 36. Nxb4 Rb8 37. Nd3 Bd4 38. a5 Kg7 39. a6 f6 40. gxf6+ Kxf6
41. Bb7 Rh8 42. Kc2 Ke6 43. Nf4+ Kd7 44. Kd3 Bg1 45. b4 Kc7 46. Nd5+ Kb8 47. b5
Rh7 48. Bc6 Ka7 49. Ke2 Bc5 50. Kf3 Rh4 51. Ne7 Rh7 52. Nxf5 Rf7 1/2-1/2